LIBRARY & INFORMATION CENTRE, KCAET, TAVANUR

ONLINE PUBLIC ACCESS CATALOGUE (OPAC)

Electrical engineering drawing / (Record no. 1475)

MARC details
000 -LEADER
fixed length control field 00508cam a2200193ua 4500
020 ## - INTERNATIONAL STANDARD BOOK NUMBER
ISBN 81-224-0404-9
041 ## - LANGUAGE CODE
Language code of text/sound track or separate title eng
082 ## - DEWEY DECIMAL CLASSIFICATION NUMBER
Classification number 621.30222
Item number BHA/EL
100 ## - MAIN ENTRY--AUTHOR NAME
Personal name Bhattacharya, S K .
245 ## - TITLE STATEMENT
Title Electrical engineering drawing /
260 ## - PUBLICATION, DISTRIBUTION, ETC. (IMPRINT)
Place of publication New Delhi :
Name of publisher Wiley Eastern Ltd ,
Year of publication 1984.
300 ## - PHYSICAL DESCRIPTION
Number of Pages 205 ; .
942 ## - ADDED ENTRY ELEMENTS (KOHA)
Koha item type Books
Holdings
Withdrawn status Lost status Damaged status Home library Current library Date acquired Full call number Accession Number Koha item type
      KAUAET KAUAET 07/04/2012 621.30222 BHA/EL 18751 Books
      KAUAET KAUAET 07/04/2012 621.30222 BHA/EL 18752 Books
      KAUAET KAUAET 07/04/2012 621.30222 BHA/EL 18753 Books
free website counter